000 00289nam a2200121Ia 4500
008 190216s9999||||xx |||||||||||||| ||und||
100 _aAlexander Pope
245 0 _aPoetry And Prose
260 _bOxford University Press
_c1964
300 _a188p
650 _aEnglish Poetry
942 _cBK
999 _c11967
_d11967